Oh My Dis Side - Travis Scott feat. Quavo (Full lyrics) - Statistics

General Stats
  • This quiz has been taken 12 times
  • The average score is 499 of 671
Answer Stats
Lyrics % Correct
a
100%
be
100%
I
100%
my,
100%
my
100%
Oh
100%
oh
100%
the
100%
time,
100%
time
100%
been
90%
for
90%
I'm
90%
I've
90%
long
90%
side
90%
side,
90%
this
90%
This
90%
up
90%
yeah
90%
and
80%
And
80%
at
80%
broad
80%
day
80%
go
80%
got
80%
Got
80%
ho
80%
house
80%
money
80%
of
80%
on
80%
out
80%
you
80%
You
80%
all
70%
All
70%
blind
70%
do
70%
don't
70%
flippin',
70%
Flippin'
70%
get
70%
in
70%
it
70%
it,
70%
kick
70%
kicked
70%
Lot
70%
lot
70%
made
70%
Mama
70%
me
70%
momma
70%
No
70%
now,
70%
now
70%
Now
70%
one,
70%
one
70%
other
70%
phenomenal
70%
pills
70%
poppin'
70%
sellin'
70%
shoot
70%
syrup
70%
your
70%
about
60%
better
60%
'Bout
60%
'bout
60%
'Cause
60%
could
60%
courthouse,
60%
gotta
60%
Had
60%
had
60%
He
60%
life
60%
Look
60%
Lost
60%
midnight
60%
Midnight,
60%
mine
60%
nigga
60%
right
60%
right,
60%
shit
60%
Shit
60%
shooters
60%
sippin'
60%
street
60%
tell
60%
to
60%
too
60%
we
60%
whippin'
60%
with
60%
another
50%
aunty
50%
camo
50%
can't
50%
diamonds,
50%
dressed
50%
drugs,
50%
feel
50%
feeling
50%
first
50%
from
50%
Graduated
50%
handcuff
50%
hood,
50%
If
50%
It's
50%
jury
50%
kiss
50%
L.A.,
50%
late
50%
Let
50%
like
50%
lil'
50%
live
50%
livin'
50%
make
50%
might
50%
new
50%
nice
50%
niggas
50%
night
50%
nights
50%
Northside
50%
Paid
50%
past
50%
rich
50%
she
50%
so
50%
tie
50%
tight
50%
top,
50%
trippin'
50%
Water
50%
way
50%
would
50%
yay'
50%
Young
50%
zip
50%
Always,
40%
always
40%
around
40%
back
40%
Ball
40%
but
40%
cash
40%
come
40%
corner,
40%
dues
40%
end
40%
everything
40%
fall
40%
flight
40%
gettin'
40%
hangin'
40%
Hangin'
40%
her,
40%
her
40%
how
40%
hundred
40%
involved
40%
Keep
40%
know
40%
Lately
40%
left
40%
Lit
40%
miss
40%
never
40%
not
40%
Only
40%
pourin'
40%
really
40%
Really
40%
'round
40%
some
40%
story
40%
that
40%
that's
40%
That's
40%
think
40%
thinking
40%
'til
40%
Tryna
40%
twice
40%
used
40%
was
40%
what's
40%
where
40%
wouldn't
40%
Benjamins
30%
Bentley
30%
bottom
30%
bricks
30%
Broke
30%
came
30%
cannot
30%
couch
30%
countin'
30%
Cuzo
30%
did
30%
Doin'
30%
down
30%
Find
30%
high
30%
home
30%
Just
30%
lean
30%
Learned
30%
lone
30%
Love
30%
midget
30%
million
30%
nothin'
30%
partner
30%
poured
30%
stars
30%
take
30%
wonder
30%
bust
20%
Handsome
20%
hotbox
20%
need,
20%
need
20%
stand
20%
wealthy
20%
we'll
20%
great
10%
ridin'
10%
No matching quizzes found
Score Distribution
Percent of People with Each Score
Percentile by Number Answered
Your Score History
You have not taken this quiz